Fables de La Fontaine : La Cigale et la Fourmi - Statistiques

Statistiques générales
  • Ce quiz a été pris 47 472 fois
  • Le résultat moyen est 54 sur 99
Statistiques - réponses
% Correct
Cigale,
99%
La
98%
la
98%
la
98%
La
98%
la
98%
La
98%
98%
à
93%
à
93%
Fourmi
93%
Fourmi
93%
chanté
90%
tout
89%
tout
89%
l'été,
88%
ayant
87%
De
87%
de
87%
de
87%
Se
85%
fort
81%
fort
81%
fut
80%
Quand
80%
trouva
79%
venue :
77%
Eh
76%
bise
74%
dépourvue
74%
et
71%
et
71%
sa
65%
Elle
62%
pour
60%
voisine,
60%
alla
59%
Pas
57%
pas
57%
Chez
56%
bien !
55%
un
55%
maintenant. »
53%
vous
53%
vous
53%
— Vous
53%
Dansez
51%
ne
50%
« Que
50%
« Je
48%
Je
48%
famine
47%
lui
46%
lui
46%
crier
45%
ou
44%
morceau
43%
seul
43%
son
43%
grain
41%
petit
41%
prêteuse :
40%
prêter
39%
priant
38%
chantiez ?
37%
n'est
37%
Quelque
37%
subsister
36%
C'est
35%
défaut.
34%
moindre
34%
saison
34%
suis
34%
vermisseau.
34%
aise.
33%
au
33%
J'en
32%
mouche
32%
Jusqu'à
31%
chantais,
30%
foi
30%
nouvelle.
29%
d'animal,
28%
dit-elle,
28%
Dit-elle
28%
chaud ?
27%
déplaise.
27%
Intérêt
27%
temps
27%
principal. »
26%
paierai,
25%
Avant
23%
faisiez-vous
22%
cette
21%
l'août,
20%
emprunteuse.
19%
jour
19%
— Nuit
18%
venant,
15%
Aucun quiz correspondant
Distribution des résultats
% des personnes avec chaque résultat
Percentile par nombre de réponses
Votre historique - résultats
Vous n’avez pas pris ce quiz